000 00827nam a22002897a 4500
001 BR8200767
003 BR-BrBNA
005 20230928091236.0
007 ta
008 230509b bl.||||| |||| 00| 0 por d
040 _aBR-BrBNA
_bpor
_cBiblioteca Nacional de Agricultura
041 _a(Por)
072 _aU20; A00
_b/G514
090 _ U20 BR8200767
100 1 _aBettiol, O.
100 1 _aMargalho, F.B.
110 1 _aSecretaria de Ensino Superior, Brasilia, DF (Brasil)
_98766
245 1 _aGuia das bibliotecas de ciencias agrarias-ensino superior [Documentacao; Agricultura; Brasil]
250 1 _a2. ed.
260 3 _aBrasilia, DF (Brasil):
_c1982.
300 _a134 p.
650 _aDOCUMENTACAO
650 _aAGRICULTURA
650 _aBIBLIOTECA
909 _a202309
_bLucia
_c55
_dLucia Elande
942 _cBK
999 _c33002
_d33002